Estatísticas para As Maiores Cidades do Centro-Oeste do Brasil

Clique aqui para jogar o quiz

Estatísticas Gerais

  • Esse quiz foi jogado 45 vezes
  • A pontuação média é 15 de 30

Estatísticas das Respostas

PopulaçãoCidadeEstado% Correto
2.817.068BrasíliaDF
100%
897.938Campo GrandeMS
100%
650.912CuiabáMT
100%
1.437.237GoiâniaGO
100%
527.550Aparecida de GoiâniaGO
84%
398.817AnápolisGO
76%
243.368DouradosMS
71%
244.897RondonópolisMT
66%
196.067SinopMT
66%
96.268CorumbáMS
61%
225.696Rio VerdeGO
55%
299.472Várzea GrandeMT
47%
98.622Caldas NovasGO
45%
208.725LuziâniaGO
45%
92.017Ponta PorãMS
45%
107.970ItumbiaraGO
42%
110.635SorrisoMT
42%
114.427CatalãoGO
39%
115.669FormosaGO
39%
105.031JataíGO
39%
132.152Três LagoasMS
37%
225.671Águas Lindas de GoiásGO
34%
106.434Tangará da SerraMT
32%
142.431TrindadeGO
32%
198.861Valparaíso de GoiásGO
32%
155.635Senador CanedoGO
29%
89.478CáceresMT
26%
91.767Cidade OcidentalGO
18%
103.804Novo GamaGO
18%
105.729PlanaltinaGO
13%

Distribuição das Pontuações

Percentil de Números Respondidos

Porcentagem de Pessoas com Cada Pontuação

Sua Pontuação Histórica

Você não jogou esse quiz